British sources of the economic political and social history of the mysore state 1813-1832 / (Record no. 137040)
[ view plain ]
| 000 -LEADER | |
|---|---|
| fixed length control field | 00692nam a22001937a 4500 |
| 010 ## - LIBRARY OF CONGRESS CONTROL NUMBER | |
| LC control number | A-678975 |
| 020 ## - INTERNATIONAL STANDARD BOOK NUMBER | |
| International Standard Book Number | 8171545718 |
| 035 ## - SYSTEM CONTROL NUMBER | |
| System control number | A-678975 |
| 037 ## - SOURCE OF ACQUISITION | |
| Source of stock number/acquisition | Cen Lib / Ret |
| 040 ## - CATALOGING SOURCE | |
| Original cataloging agency | DPL |
| Language of cataloging | EN |
| 082 ## - DEWEY DECIMAL CLASSIFICATION NUMBER | |
| Classification number | 954.32 |
| Item number | GOP |
| 100 ## - MAIN ENTRY--PERSONAL NAME | |
| Personal name | Gopal, M. H. |
| 245 ## - TITLE STATEMENT | |
| Title | British sources of the economic political and social history of the mysore state 1813-1832 / |
| Statement of responsibility, etc | by M. H. Gopal |
| 260 ## - PUBLICATION, DISTRIBUTION, ETC. (IMPRINT) | |
| Place of publication, distribution, etc | Bombay |
| Name of publisher, distributor, etc | Popular Prakashan |
| Date of publication, distribution, etc | 1993 |
| 270 ## - ADDRESS | |
| Address | 35C Pandit Madan Mohan Malaviya Marg |
| City | Bombay |
| 300 ## - PHYSICAL DESCRIPTION | |
| Extent | (v 2. 225-491p) |
| Dimensions | 27cm(Hb) |
| 650 ## - SUBJECT ADDED ENTRY--TOPICAL TERM | |
| Topical term or geographic name as entry element | Compagnie des Indes Orientales (Grande-Bretagne) -- Mysore (Inde) -- 1799 / 1832 -- [document] |
| 942 ## - ADDED ENTRY ELEMENTS (KOHA) | |
| Source of classification or shelving scheme | Dewey Decimal Classification |
| Koha item type | English Books |
| Classification part | 954.32 |
| Call number suffix | GOP |
| Withdrawn status | Lost status | Materials specified (bound volume or other part) | Damaged status | Not for loan | Home library | Current library | Date acquired | Source of acquisition | Cost, normal purchase price | Total Checkouts | Full call number | Barcode | Date last seen | Copy number | Cost, replacement price | Price effective from | Koha item type |
|---|---|---|---|---|---|---|---|---|---|---|---|---|---|---|---|---|---|
| v 2 | Central Library | Central Library | 15/03/2016 | Cen Lib/Ret | 225.00 | 954.32 GOP | A-678975 | 15/03/2016 | 1 | 225.00 | 15/03/2016 | English Books |
